Estadísticas para Países de Europa con un Mapa Vacío

Haz click aquí para tomar la prueba!

Estadísticas generales

  • Esta prueba ha sido tomada 8.168 veces
  • La puntuación promedio es 41 de 45

Respuestas en el mapa

Las respuestas están codificadas por una escala verde-roja en el mapa de la prueba según el % correcto abajo.
Cargando...
 

Estadísticas de respuestas

País% Correcto
Francia
99%
España
99%
Portugal
98%
Alemania
98%
Italia
98%
Polonia
96%
Suiza
96%
Suecia
96%
Reino Unido
96%
Finlandia
96%
Rusia
95%
Grecia
95%
Noruega
95%
Países Bajos
94%
Lituania
94%
Irlanda
94%
Estonia
94%
Austria
94%
Bélgica
94%
Bielorrusia
93%
Andorra
93%
Rumania
92%
Dinamarca
92%
Islandia
92%
Croacia
92%
Letonia
92%
Luxemburgo
92%
Ucrania
92%
República
Checa
91%
Albania
91%
Eslovaquia
91%
Hungría
91%
Eslovenia
90%
Serbia
89%
Bulgaria
89%
Bosnia y
Herzegovina
89%
Montenegro
88%
Ciudad del
Vaticano
88%
Mónaco
87%
Malta
87%
Macedonia
del Norte
87%
San Marino
84%
Kosovo
84%
Moldavia
83%
Liechtenstein
81%

Distribución de puntuación

Porcentaje por número respondido

Porcentaje de gente con cada puntuación

Historial de tus puntuaciones

No has tomado esta prueba